00691nam a2200205Ia 4500003000400000008004100004020002300045040000800068100001900076245009800095260002600193300001000219365001200229901002100241902003100262903005800293942001200351952010500363999001700468LDD181029s9999 xx 000 0 und d a275987981cP 25.99 cLDD aKantor, Martin 4aThe Psychopathy of Everyday LifebHow Antisocial Personality Discorder AffectscMartin Kantor aLondonbPraegerc2006 a208p. bP 25.99 a3812b06-02-2007 a9313b11-05-2007cFdOPe0 aDiscount-10bReqst by : Thomas, Gracious (Dr.)  2ddccBK 00102ddc4070979016aLDDbLDDl0o616.85820651 K134Pp062350r2018-11-01v2131.69w2018-11-01yBK c79017d79017